Vybrané problémy z účetnictví vnitřního obchodu podniků obchodních odvětví zemědělských podniků sbírka úloh

Enregistré dans:
Détails bibliographiques
Auteur principal: Müllerová, Libuše
Collectivité auteur: Vysoká škola ekonomická v Praze. Fakulta řízení
Autres auteurs: Brčák, Antonín, Roubíčková, Jaroslava
Format: Livre
Langue:tchèque
Publié: Praha Státní pedagogické nakladatelství 1984
Édition:2. přeprac. vyd.
Tags: Ajouter un tag
Pas de tags, Soyez le premier à ajouter un tag!

MARC

LEADER 00000nam a2200000 4500
001 c108856
005 20190408130823.5
041 0 |a cze 
044 |a CZ 
245 1 0 |a Vybrané problémy z účetnictví vnitřního obchodu podniků obchodních odvětví zemědělských podniků  |b sbírka úloh  |c Libuše Müllerová, Antonín Brčák, Jaroslava Roubíčková 
250 |a 2. přeprac. vyd. 
264 1 |a Praha  |b Státní pedagogické nakladatelství  |c 1984 
300 |a 108 s. 
100 1 |a Müllerová, Libuše 
700 1 |a Brčák, Antonín 
700 1 |a Roubíčková, Jaroslava 
710 2 |a Vysoká škola ekonomická v Praze. Fakulta řízení